From the rising of the sun : Christians and society in contemporary Japan /

Bibliographic Details
Main Author: Phillips, James M., 1929-
Format: Book
Language:English
Published: Maryknoll, N.Y. : Orbis Books, [1981]
Series:American Society of Missiology series ; no. 3.
Subjects:

MARC

Tag First Indicator Second Indicator Subfields
LEADER 00000pam a2200000 a 4500
001 in00000075879
005 20151008054907.0
008 800923s1981 nyu b 00110 engm
010 |a  80024609  
020 |a 0883441454 (pbk.) 
035 |a (OCoLC)06813517 
035 |9 AAJ1983AM 
040 |a DLC  |c DLC  |d m.c.  |d TXA  |d UtOrBLW 
043 |a a-ja--- 
049 |a TXAM  |c [1361538] 
050 0 0 |a BR1309  |b .P44 
082 0 |a 275.2  |2 19 
100 1 |a Phillips, James M.,  |d 1929- 
245 1 0 |a From the rising of the sun :  |b Christians and society in contemporary Japan /  |c James M. Phillips. 
264 1 |a Maryknoll, N.Y. :  |b Orbis Books,  |c [1981] 
264 4 |c ©1981 
300 |a xii, 307 pages ;  |c 24 cm. 
336 |a text  |b txt  |2 rdacontent 
337 |a unmediated  |b n  |2 rdamedia 
338 |a volume  |b nc  |2 rdacarrier 
490 1 |a American Society of Missiology series,  |v no. 3 
500 |a Includes index. 
504 |a Bibliography: pages 284-294. 
650 0 |a Christianity  |z Japan. 
830 0 |a American Society of Missiology series ;  |v no. 3. 
999 |a MARS 
999 f f |s 186d85db-2935-3757-a11c-94cb62c2e2e2  |i e6d71159-8761-363c-95f1-29050cffd72c  |t 0 
952 f f |p ric  |a Texas A&M University  |b Rellis Campus  |c Joint Library Facility  |d Remote Storage  |t 0  |e BR1309 .P44  |h Library of Congress classification  |i unmediated -- volume  |m A14806091080 
998 f f |a BR1309 .P44  |t 0  |l Remote Storage